| 000 | 00000nam 2200000za 4500 |
| 001 | 9.696292 |
| 003 | CaOODSP |
| 005 | 20220503133709 |
| 007 | cr ||||||||||| |
| 008 | 150407|1996||||xxc|||||o f|0| 0 eng d |
| 040 | |aCaOODSP|beng |
| 043 | |an-cn--- |
| 086 | 1 |aH39-385/1996-1E-PDF |
| 110 | 1 |aCanada. |bHealth Canada. |
| 245 | 10|aReport on the health of Canadians / |h[electronic resource]|cprepared by the Federal, Provincial and Territorial Advisory Committee on Population Health. |
| 260 | |aOttawa - Ontario : |bHealth Canada |cc1996. |
| 300 | |a115p.|bfig., graphs, references, tables, index |
| 500 | |a"For the meeting of Ministers of Health, September 1996"--p.1 of 115. -- The catalogue number (H39-385/1996-1E) and ISBN (0-662-24930-5) for the print edition have been incorrectly copied in this electronic publication. |
| 520 | 3 |a"This report is intended to inform Canadians about the state of their health and the major factors that influence health. The report is also intended to serve as a tool to help policy makers, health workers, and the public measure Canada’s progress in achieving a higher level of population health, and to identify actions that can be taken to make continued improvements."--Executive Summary, p.4 of 115. |
| 590 | |a12-26-Supp|b2012-06-07 |
| 690 | 07|aHealth|2gcpds |
| 775 | 08|tRapport sur la santé des Canadiens et Canadiennes / |w(CaOODSP)9.640416 |
| 776 | 0#|tReport on the health of Canadians / |w(CaOODSP)9.646293 |
| 794 | |tToward a healthy future : |w(CaOODSP)9.696295 |
| 856 | 40|ahttp://publications.gc.ca|qPDF|s797 KB|uhttps://publications.gc.ca/collections/Collection/H39-385-1996-1E.pdf |